000 00755nam a2200277 a 4500
008
020 _a0140244913 (pbk.)
049 _aMAIN
050 0 0 _aQP360.5
_bPIN
100 1 _aPinker, Steven.
245 1 0 _aHow the mind works /
_cSteven Pinker.
260 _aLondon :
_bPenguin Books,
_cc1998.
300 _axii, 660 p. ;
_c20 cm.
504 _aIncludes bibliographical references.
500 _aIncludes index.
650 0 _aCognitive neuroscience.
650 0 _aNeuropsychology.
650 0 _aNatural selection.
650 0 _aHuman evolution.
650 0 _aPsychology.
907 _a.b10133690
_b07-05-12
_c20-08-04
003
005 20230123133812.0
040 _cNUST
942 _cBOOKS
999 _c154878
_d154878